Training materials for agricultural planning N.31 Agricultural policy: government and the market

Salvato in:
Dettagli Bibliografici
Autore principale: FAO
Natura: Libro
Lingua:Undetermined
Pubblicazione: Rome FAO 1992
Soggetti:
Tags: Aggiungi Tag
Nessun Tag, puoi essere il primo ad aggiungerne! !
Thư viện lưu trữ: Trung tâm Học liệu Trường Đại học Cần Thơ
LEADER 00576nam a2200193Ia 4500
001 CTU_3662
008 210402s9999 xx 000 0 und d
082 |a 330 
082 |b T768/N.31 
100 |a FAO 
245 0 |a Training materials for agricultural planning N.31 
245 0 |b Agricultural policy: government and the market 
245 0 |c FAO 
260 |a Rome 
260 |b FAO 
260 |c 1992 
650 |a agriculture and state,economics,training manuals 
904 |i Nguyễn Quang Điền, 960530 
980 |a Trung tâm Học liệu Trường Đại học Cần Thơ